Текст томруулах:    
Some compilation and research of articles related to contemporary literature of Mongolia in the scope of chinese newspapers and periodicals (1949-2024) (Бичлэгийн дугаар. 146894)
000 -УДИРДЛАГА
Удирдлага 02350nam a22003737a 4500
003 - ХЯНАЛТЫН ТОО ТОДОРХОЙЛОГЧ
Код MN-UlNUM
005 - БИЧИЛТ ХИЙСЭН ОГНОО
Тухайн бичилтийг бичсэн засварласан сүүлийн огноо 20260414183035.0
008 - ЕРӨНХИЙ МЭДЭЭЛЭЛ
Ерөнхий мэдээлэл 260403s2026 mp d|||| |||| 00| | eng d
040 ## - БИЧЛЭГ ҮҮСГЭГЧ БАЙГУУЛЛАГА
Бичлэг үүсгэгч номын сан МУИС-ийн номын сан
084 ## - ББК АНГИЛАЛ
Нэмэлт тусгалт Нэг сэдэвт бүтээл
ББК ангилал 83.3(1)
Зохиогчийн гурван тэмдэгт W 48
Мэдлэгийн ялгаа 83 - Утга зохиол судлал
100 0# - ДОКТОРЫН ЗЭРЭГ ГОРИЛОГЧ
Доктор Weiwei Li
245 10 - ҮНДСЭН ГАРЧИГ
Докторын бүтээлийн сэдэв Some compilation and research of articles related to contemporary literature of Mongolia in the scope of chinese newspapers and periodicals (1949-2024)
Бага гарчгийн мэдээ Dissertation Submitted for the Doctor of Philosophy in Philology:
Удирдагч Dr (Ph.D), prof. D. Urnukhdelger
-- Dr (Ph.D), associate prof. E. Batjavkhlan
Шүүмжлэгч Dr (Ph.D), prof. G. Bilguudei
-- Dr (Ph.D), associate prof. G. Batsuuri
Мэргэжлийн индекс F02320301
246 13 - ЗЭРЭГЦЭЭ ГАРЧИГ
Зэрэгцээ гарчиг БНХАУ-ын тогтмол хэвлэлд нийтлэгдсэн Монголын уран зохиолд холбогдох зүйлсийн бүртгэл судалгаа 1949-2024
260 ## - ГАРАЛТЫН МЭДЭЭ
Хэвлэгдсэн газар UB
Хэвлэгдсэн он 2026
300 ## - МАТЕРИАЛЫН ТОДОРХОЙЛОЛТ
хуудасны тоо 127
500 ## - Тайлбар
Дансны дугаар ЭШФ Дисс 1009, Цахим Дисс 1071
546 ## - ХЭЛНИЙ ТУХАЙ МЭДЭЭ
Хэл Англи хэл дээр,
653 ## - Түлхүүр үг
Түлхүүр үг linguistics
653 ## - Түлхүүр үг
Түлхүүр үг literature of Mongolia
653 ## - Түлхүүр үг
Түлхүүр үг Chinese newspapers and periodicals
653 ## - Түлхүүр үг
Түлхүүр үг dissertation
740 ## - ГАРЧИГ
Гарчиг Overview of research on articles related to the contemporary literature of Mongolia in Chinese newspapers and periodicals
740 ## - ГАРЧИГ
Гарчиг Formative and Development Period (1949–1976): Overview-Oriented Research The Deepening Development Period (1976–2000): Specialized Research
740 ## - ГАРЧИГ
Гарчиг Vigorous Development Period (2000–2024): Diversified Research
740 ## - ГАРЧИГ
Гарчиг Research on authors and their works from mongolia in chinese newspapers and periodicals
740 ## - ГАРЧИГ
Гарчиг Research on Contemporary Authors from Mongolia and Their Works in 20th Century Chinese Newspapers and Periodicals
740 ## - ГАРЧИГ
Гарчиг Research on Contemporary Authors from Mongolia and Their Works in 21st Century Chinese Newspapers and Periodicals
740 ## - ГАРЧИГ
Гарчиг Conclusions
740 ## - ГАРЧИГ
Гарчиг The significance and value of research on articles related to the contemporary literature of Mongolia in Chinese newspapers and periodicals
740 ## - ГАРЧИГ
Гарчиг As a Bridge for Cultural Exchange: Deepening Mutual Understanding and Perception Between the Two Nations
740 ## - ГАРЧИГ
Гарчиг As a Vehicle for Academic Exchange: Promoting the Disciplinarization Process of Literary Studies in Both Countries
942 ## - ЭЛЕМЕНТИЙН ТӨРӨЛ
Зүйлийн төрөл Диссертаци